00655nab a2200205uuc4500001000800000005001700008008004100025035001200066035002100078040001300099041000800112100003700120245005600157650002800213650001600241700003200257700003400289700002700323773009900350118404620240202093459.0091216e20090301 spa  a1184046 a(OCoLC)820520674 ccomduadb aspa10aMontes M., Everaldo J.4auteaut10aModelado de las isotermas de desorción del ñame aÑame : Dioscorea spp. aDesorción10aTorres G., Ramiro4auteaut10aAndrade P., Ricardo4auteaut10aMeza, Isabel4auteaut0 tDYNA (Medellín)gVolumen 076, Número 157, Marzo 2009, p. 145-152w188384x0012-7353082258